AlGaN/Gan Hemt pre senzorické aplikácie : Dát. obhaj. 24.2.2010, č. ved. odb. 5.2.13

Enregistré dans:
Détails bibliographiques
Auteur principal: Vanko, Gabriel (Auteur)
Autres auteurs: Lalinský, Tibor (Directeur de thèse)
Format: Manuscrit Livre
Langue:slovaque
Publié: Bratislava : Elektrotechnický ústav SAV, 2009
Sujets:
Tags: Ajouter un tag
Pas de tags, Soyez le premier à ajouter un tag!

MARC

LEADER 00000ntm a22000003a 4500
001 stu201853
005 20191202093207.1
008 100331s2009----xo------------------slo-d
040 |a STU  |b slo 
041 0 |a slo 
044 |a xo 
100 1 |a Vanko, Gabriel  |4 aut 
245 1 |a AlGaN/Gan Hemt pre senzorické aplikácie :  |b Dát. obhaj. 24.2.2010, č. ved. odb. 5.2.13 
260 |a Bratislava :  |b Elektrotechnický ústav SAV,  |c 2009 
300 |a 83 s 
650 7 |a elektronika  |2 stusub 
650 7 |a Mikroelektronika  |2 stusub 
650 7 |a AlGaN/GaN  |2 stusub 
650 7 |a senzorické aplikácie  |2 stusub 
700 1 |a Lalinský, Tibor  |4 ths 
996 |b 284ED01265  |c E*ZP-129  |l EE01  |s A  |a 24  |w stu201853_0001